[Event "Managua Guido Memorial 10th"]
[Site "Managua"]
[Date "2013.02.20"]
[Round "8"]
[White "Garcia Cerda, Ricardo"]
[Black "Campos, Alejandro"]
[Result "1-0"]
[WhiteElo "1952"]
[BlackElo "1823"]
[PlyCount "45"]
[EventDate "2013.02.01"]
[EventType "tourn"]
[EventRounds "11"]
[EventCountry "NCA"]
[SourceTitle "EXT 2014"]
[Source "ChessBase"]
[SourceDate "2013.11.20"]
[SourceVersion "1"]
[SourceVersionDate "2013.11.20"]
[SourceQuality "1"]

1. Nf3 d5 2. c4 e6 3. d4 Nf6 4. Nc3 Be7 5. Bf4 0-0 6. e3 c5 7. Bd3 dxc4 8. Bxc4 Nc6 9. 0-0 Nh5 10. Bg3 Nxg3 11. hxg3 a6 12. a4 cxd4 13. exd4 Nb4 14. Qe2 Bd7 15. Rad1 Bc6 16. Ne5 Bd5 17. Nxd5 Nxd5 18. Bd3 Qd6 19. Rfe1 Rfd8 20. Bxh7+ Kf8 21. Qh5 g6 22. Bxg6 fxg6 23. Qh8# 1-0

[Event "Managua Guido Memorial 10th"]
[Site "Managua"]
[Date "2013.02.15"]
[Round "7"]
[White "Rocha, Maximiliano"]
[Black "Garcia Cerda, Ricardo"]
[Result "1-0"]
[WhiteElo "2174"]
[BlackElo "1952"]
[PlyCount "73"]
[EventDate "2013.02.01"]
[EventType "tourn"]
[EventRounds "11"]
[EventCountry "NCA"]
[SourceTitle "EXT 2014"]
[Source "ChessBase"]
[SourceDate "2013.11.20"]
[SourceVersion "1"]
[SourceVersionDate "2013.11.20"]
[SourceQuality "1"]

1. e4 c5 2. Nf3 Nc6 3. c3 Nf6 4. e5 Nd5 5. Bc4 Nb6 6. Bb3 d5 7. exd6 e6 8. d4 cxd4 9. cxd4 Bxd6 10. 0-0 0-0 11. Nc3 Bb4 12. Bc2 Nd5 13. Qd3 g6 14. a3 Be7 15. Ne4 Qc7 16. Bh6 Rd8 17. Rac1 Qb6 18. b4 e5 19. Rfd1 Bf5 20. Qc4 Rac8 21. Nc5 Bxc2 22. Rxc2 exd4 23. Na4 Qc7 24. Rdc1 a6 25. Nxd4 Qe5 26. Nxc6 Rxc6 27. Nc5 Nb6 28. Qf4 Qh5 29. g4 Qh3 30. Rc3 Qh4 31. h3 Nd5 32. Qe5 Bf6 33. Qg3 Nxc3 34. Rxc3 Qxh6 35. Rf3 Be5 36. Qxe5 b6 37. Ne4 1-0

[Event "Managua Guido Memorial 10th"]
[Site "Managua"]
[Date "2013.02.07"]
[Round "3"]
[White "Izaba, Rodolfo"]
[Black "Garcia Cerda, Ricardo"]
[Result "1/2-1/2"]
[WhiteElo "2182"]
[BlackElo "1952"]
[PlyCount "91"]
[EventDate "2013.02.01"]
[EventType "tourn"]
[EventRounds "11"]
[EventCountry "NCA"]
[SourceTitle "EXT 2014"]
[Source "ChessBase"]
[SourceDate "2013.11.20"]
[SourceVersion "1"]
[SourceVersionDate "2013.11.20"]
[SourceQuality "1"]

1. e4 c5 2. Nf3 Nc6 3. d4 cxd4 4. Nxd4 e5 5. Nb5 d6 6. N1c3 a6 7. Na3 b5 8. Nd5 Nf6 9. Bg5 Be7 10. Nxf6+ gxf6 11. Be3 f5 12. Qd5 Qc7 13. exf5 Bxf5 14. Bd3 Be6 15. Qf3 d5 16. Bf5 e4 17. Qh3 Bxa3 18. bxa3 Qe5 19. Bxe6 Qxa1+ 20. Kd2 Qf6 21. Bd7+ Kf8 22. Qh6+ Qxh6 23. Bxh6+ Ke7 24. Bxc6 Rac8 25. Bb7 Rc7 26. Bxa6 Rc6 27. Bg5+ f6 28. Bxb5 Rc5 29. Bxf6+ Kxf6 30. Rb1 Rb8 31. a4 Rbc8 32. Rb2 Rg8 33. g3 Ke5 34. a5 Rf8 35. Ke2 Kd4 36. a4 Kc3 37. Ra2 d4 38. Ke1 Rcf5 39. f4 exf3 40. Kf2 Kd2 41. a6 Re5 42. a7 Re2+ 43. Kf1 Re1+ 44. Kf2 Re2+ 45. Kf1 Re1+ 46. Kf2 1/2-1/2

[Event "NCA-chT Primera Division"]
[Site "Managua"]
[Date "2012.02.19"]
[Round "5.10"]
[White "Flores, Manuel"]
[Black "Garcia Cerda, Ricardo"]
[Result "1/2-1/2"]
[WhiteElo "2020"]
[BlackElo "1933"]
[PlyCount "162"]
[EventDate "2012.02.17"]
[EventType "swiss"]
[EventRounds "9"]
[EventCountry "NCA"]
[SourceTitle "EXT 2024"]
[Source "ChessBase"]
[SourceDate "2023.10.10"]
[SourceVersion "1"]
[SourceVersionDate "2023.10.10"]
[SourceQuality "1"]

1. d4 Nf6 2. Nf3 c5 3. c4 cxd4 4. Nxd4 g6 5. Nc3 Bg7 6. g3 0-0 7. Bg2 Nc6 8. 0-0 Nxd4 9. Qxd4 d6 10. Qh4 a6 11. Bg5 Qb6 12. Rab1 Be6 13. b3 Rac8 14. Ne4 Nxe4 15. Bxe4 f6 16. Be3 Qc7 17. Bd3 f5 18. Bg5 Rf7 19. e4 fxe4 20. Bxe4 Qb6 21. Rfe1 Rcf8 22. Be3 Qa5 23. Re2 Bf6 24. Qh6 Bg4 25. Rd2 Qb4 26. Bd5 e6 27. Be4 d5 28. Bd3 d4 29. Bg5 Bg7 30. Qh4 Bf5 31. Rbd1 Bxd3 32. Rxd3 Rxf2 33. Be7 Qa5 34. Bxf8 Rxf8 35. Qe4 Qxa2 36. Qxe6+ Kh8 37. Qe1 h6 38. R1d2 Qa5 39. Re2 Qf5 40. Red2 h5 41. Qf2 Qe4 42. Qe2 Qf5 43. Rd1 Qd7 44. Rf3 Re8 45. Qd3 Qg4 46. Rdf1 Bh6 47. Kg2 h4 48. h3 Qe4 49. Qxe4 Rxe4 50. Rd1 hxg3 51. Kxg3 Kg7 52. Rdf1 Re7 53. Rd3 Be3 54. Ra1 Rc7 55. Kf3 Rf7+ 56. Ke4 Kh6 57. b4 Re7+ 58. Kd5 Kh5 59. Rf1 Kh4 60. Rf3 Rd7+ 61. Ke6 Rc7 62. c5 a5 63. bxa5 Rxc5 64. Rb3 Rxa5 65. Rxb7 Rh5 66. Kf6 g5 67. Re7 g4 68. Re4 Rg5 69. hxg4 Rxg4 70. Re8 Rf4+ 71. Rxf4+ Bxf4 72. Re4 Kg3 73. Rxd4 Kf3 74. Kf5 Bh2 75. Rd3+ Kg2 76. Kg4 Kh1 77. Rd2 Bg1 78. Kg3 Ba7 79. Rd1+ Bg1 80. Rd5 Bh2+ 81. Kf3 Bg1 1/2-1/2

[Event "NCA-chT Primera Division"]
[Site "Managua"]
[Date "2012.02.17"]
[Round "3.7"]
[White "Madrigal, Mariano"]
[Black "Garcia Cerda, Ricardo"]
[Result "1-0"]
[WhiteElo "2090"]
[BlackElo "1933"]
[PlyCount "43"]
[EventDate "2012.02.17"]
[EventType "swiss"]
[EventRounds "9"]
[EventCountry "NCA"]
[SourceTitle "EXT 2024"]
[Source "ChessBase"]
[SourceDate "2023.10.10"]
[SourceVersion "1"]
[SourceVersionDate "2023.10.10"]
[SourceQuality "1"]

1. e4 c5 2. Nf3 Nc6 3. d4 cxd4 4. Nxd4 e5 5. Nb5 d6 6. N1c3 a6 7. Na3 b5 8. Nd5 Nf6 9. Bg5 Be7 10. Bxf6 Bxf6 11. c3 0-0 12. Nc2 Rb8 13. h4 Be7 14. Bd3 Be6 15. Nce3 Qd7 16. Nf5 Bd8 17. h5 Bxd5 18. Qg4 Qxf5 19. Qxf5 Be6 20. Qf3 b4 21. 0-0 a5 22. Qe2 1-0